Matemática 3º Básico: texto del estudiante.
Kaydedildi:
| Yazar: | |
|---|---|
| Diğer Yazarlar: | , |
| Materyal Türü: | Kitap |
| Baskı/Yayın Bilgisi: |
Santiago, Chile:
Santillana del Pacífico,
2018.
|
| Edisyon: | 2ª edición. |
| Konular: | |
| Etiketler: |
Etiketle
Etiket eklenmemiş, İlk siz ekleyin!
|
MARC
| LEADER | 00000cam a2200000 a 4500 | ||
|---|---|---|---|
| 001 | UCC4955 | ||
| 003 | CL-VaPUC | ||
| 005 | 20240705074027.0 | ||
| 008 | 220929bt2018 ||||| |||| 00| 0 eng d | ||
| 999 | |c 372336 |d 372334 | ||
| 020 | |a 978-956-15-3190-1 | ||
| 040 | |c Pontificia Universidad Católica de Valparaíso | ||
| 082 | 0 | 4 | |a 372.7 URR 2018 |2 21 |
| 100 | 0 | |a Urra Vásquez, Andrea |e autora |9 599212 | |
| 245 | 1 | 0 | |a Matemática 3º Básico: texto del estudiante. |
| 250 | |a 2ª edición. | ||
| 260 | |a Santiago, Chile: |b Santillana del Pacífico, |c 2018. | ||
| 300 | |a 383 páginas. | ||
| 500 | |a c.3 Donación Bib. Educación a Bib. Matemática. Sin memo 26/09/2022 | ||
| 583 | |a last modification |c 20180907 13:03:00 |k Rodrigo Vera | ||
| 650 | 0 | |a Matemáticas |x Enseñanza |9 875527 | |
| 650 | 0 | |a Educación básica |9 224933 | |
| 650 | 0 | |a Textos escolares |9 382843 | |
| 650 | 0 | |a Libros de texto |9 270019 | |
| 700 | 0 | |a Córdova Hermosilla, Carmen |e autora |9 599213 | |
| 700 | 0 | |a Quezada Soto, Claudia |e autora |9 599214 | |
| 942 | |c BK |2 ddc | ||
| 945 | |d 20180907 13:03:00 |a dcastane | ||
| 952 | |0 0 |1 0 |3 erb |4 0 |6 372_700000000000000_URR_2018 |7 0 |8 A |9 489905 |a BIBEDU |b BIBEDU |i 5499119 |o 372.7 URR 2018 |p 5499119 |r 2019-11-24 |w 2019-11-24 |y BK |z Catalogado en:20180907 |k EPE | ||
| 952 | |0 0 |1 0 |3 erb |4 0 |6 372_700000000000000_URR_2018 |7 0 |8 A |9 489906 |a BIBEDU |b BIBEDU |i 5499100 |l 1 |o 372.7 URR 2018 |p 5499100 |r 2025-04-16 |s 2025-04-16 |w 2019-11-24 |y BK |z Catalogado en:20180907 |k EPE | ||
| 952 | |0 0 |1 0 |2 ddc |4 0 |6 372_700000000000000_URR_2018 |7 0 |8 A |9 586927 |a BIBMAT |b BIBMAT |c E_DIDACT |d 2022-09-29 |e Donación |i 5654868 |o 372.7 URR 2018 |p 5654868 |r 2025-01-07 |t 3 |w 2022-09-29 |y BK |k MAT | ||